000 00727nam a2200265 a 4500
999 _c8485
_d8485
001 8485
003 BD-JhCC
005 20181003174422.0
008 180225s1974 nyu b 001 0 eng d
035 _a(BD-JhCC)8485
040 _aBD-JhCC
_cWSU
_dBD-JhCC
_dSER
_dEQO
041 _aeng
050 0 _aHM51
_b.D37 1949
082 _a301
_bHAM 1974
100 _aHambiling, Christine
245 1 0 _aHuman society /
_cChristine Hambiling and Pauling Matthews
260 _aNew York :
_bMacmillan Co,
_c1974.
300 _axiv, 287 p. ;
_c24 cm
_bill. ;
504 _aIncludes Index and "References."
650 0 _aSociology
650 0 _aSocial Education
700 _aMatthews, Pauling
942 _2ddc
_cBK